00679nam a2200181 u 450000100100000000500170001000800410002702000150006804000250008308200210010810000280012924500380015726000530019530000260024850000220027495201840029699900170048000002033320200929170354.0100813s1995 mx a 000 0 spa d a9681647475 aDO-SdBNPbspacBNPHU axxxxxxxbxxxxxxx1 aKissinger, Henry94298410aLa diplomacia /cHenry Kissinger. aMéxico :bFondo de cultura económica,c1995. b919 p.bil. ;c24 cm. aIncluye índices 001050718MOaGRbGRcHDd2017-05-08iLF1l0oxxxxxxx xxxxxxxp20333-10r2020-06-25w2020-06-25y1zPerteneció a la biblioteca personal de Germán Emilio Ornes.ZNo se presta c19837d19837